000 00246pam a2200109 a 4500
020 _c
041 _aeng
082 _a823.912
_bJOY
100 _aJoyce James.
245 _aA Portrait Of The Artist As A Young Man
_hTextual Documents
930 _a7736
999 _c84647
_d84647